000 01239cam a22003977a 4500
003 CHAP
005 20240522143841.0
008 060405d2005 it a rn 00110 eng d
010 _a92007
011 _a92979
020 _a9251053499
035 _a103546
040 _cCHAP
082 0 4 _a630
_bF32 v.36
110 2 _aFAO
245 1 3 _aThe state of food and agriculture, 2005:
_bagricultural trade and poverty : can trade work for the poor?
_c/by FAO
260 _aRome :
_bFAO,
_c2005.
300 _a197 p. :
_bilus. ; tablas ; gráfs. + 1 diskett de 3 1/4
410 2 0 _aFAO
490 0 _aAgricultura
_v; 36
590 _aBATCH-UPD
_b10
_c20130110
590 _aBATCH-UPD
_b10
_c20130410
590 _aBATCH-UPD
_b10
_c20130914
590 _aCONVERSION
_b10
_c20130109
650 0 4 _aPolítica agrícola.
_990283
650 0 4 _aProductos agrícolas
_xMercadeo.
_991951
650 1 4 _aAgricultura
_xEstadisticas.
_91417
650 1 4 _aAlimentos
_xAbastecimiento.
810 0 _aFAO
830 0 _aAgricultura
_v; 36
_91173
901 _aBK
905 _aLilia
942 _cCD
_2ddc
949 _a630 F32 v.36
_bBC
_cFAO
_d33724000984910
_eFAO1
_h107916
_i103546
_sb
949 _a630 F32 v.36
_bBC
_cFAO
_d33724002026090
_eCD
_fCD
_i103546
_sb
999 _c92007
_d92007